00344nam a2200133 a 4500008004100000050001400041100001800055245005100073246001600124260002800140350000900168650001500177700001800192120416s1980 ||||||||||||||||| || u aHD 31 Gle aWells, Ronald14aThe business organisation and it's environment awork book 1 aLondonbHeinemannc1980 a0.00 0aMANAGEMENT aGlew, Matthew